00505nam a2200085Ia 4500008004100000245002400041300027000065650002800335856005600363170517s9999 xx 000 0 und d 4aThe Ascent of Money aProfessor Niall Ferguson examines the origins of the pillars of the world’s financial system, and how behind every great historical phenomenon – empires and republics, wars and revolutions – there lies a financial secret. Episode 1: Dreams of Avarice. From... xBusiness and Economics. uhttp://topdocumentaryfilms.com/the-ascent-of-money/